000 00689nam a2200265Ia 4500
005 20260121170246.0
008 008 260114s9999 xx 000 0 eng d
020 _a9781137552693
037 _aEBOOK
040 _aCRL
040 _beng
040 _cCRL
041 _2eng
041 _aeng
084 _qCRL
100 _aEdoardo Ongaro, Sandra Van Thiel
_91061711
245 4 _aThe Palgrave Handbook of Public Administration and Management in Europe
260 _bSpringer
260 _bSpringer
260 _c2018
856 _uhttps://link.springer.com/openurl?genre=book&isbn=978-1-137-55269-3
942 _cEBOOK
999 _c1627440
_d1627440